| 000 | 01087pam a2200289 a 4500 | ||
|---|---|---|---|
| 999 |
_c3255 _d3255 |
||
| 001 | 4432121 | ||
| 003 | GZU | ||
| 005 | 20201124085659.0 | ||
| 008 | 940310s1994 enka b 001 0 eng | ||
| 010 | _a 94010893 | ||
| 020 |
_a0077090225 : _c£22.95 |
||
| 040 |
_aDLC _cDLC _dDLC |
||
| 050 | 0 | 0 |
_aHD 62.4 _b.MOR 1994 |
| 082 | 0 | 0 |
_a658/.049 _220 |
| 100 | 1 |
_aMoran, Robert T., _d1938- |
|
| 245 | 1 | 4 |
_aThe global challenge : _bbuilding the new worldwide enterprise / _cRobert T. Moran and John R. Riesenberger. |
| 260 |
_aLondon ; _aNew York : _bMcGraw-Hill, _cc1994. |
||
| 300 |
_axiii, 280 p : _bill. ; _c24 cm. |
||
| 504 | _aIncludes bibliographical references (p. 273-274) and index. | ||
| 650 | 0 |
_aInternational business enterprises _xManagement. |
|
| 650 | 0 | _aComparative management. | |
| 650 | 0 | _aExecutive ability. | |
| 700 | 1 |
_aRiesenberger, John R., _d1948- |
|
| 906 |
_a7 _bcbc _corignew _d1 _eocip _f19 _gy-gencatlg |
||
| 942 |
_2lcc _cBK _h62.4 _iMOR _kHD |
||